Aguirre, el magnífico: (Record no. 178821)

MARC details
000 -LEADER
campo de control de longitud fija 00763nam a2200229 4500
001 - NÚMERO DE CONTROL
campo de control 178821
003 - IDENTIFICADOR DE NÚMERO DE CONTROL
campo de control ES-MaACL
005 - FECHA Y HORA DE LA ÚLTIMA TRANSACCIÓN
campo de control 20251120183841.0
008 - DATOS DE LONGITUD FIJA--INFORMACIÓN GENERAL
campo de control de longitud fija 110712s2011 sp |||| |dspa d
020 ## - NÚMERO INTERNACIONAL ESTÁNDAR DEL LIBRO
Número Internacional Estándar del Libro 978-84-204-0629-9
080 ## - NÚMERO DE LA CLASIFICACIÓN DECIMAL UNIVERSAL
Número de la Clasificación Decimal Universal 821.134.2-31"19"
080 ## - NÚMERO DE LA CLASIFICACIÓN DECIMAL UNIVERSAL
Número de la Clasificación Decimal Universal 929 Aguirre, Jesús, Duque de Alba (0:82)
100 1# - ENTRADA PRINCIPAL--NOMBRE DE PERSONA
Nombre de persona Vicent, Manuel.
9 (RLIN) 114323
245 10 - MENCIÓN DEL TÍTULO
Título Aguirre, el magnífico:
Resto del título [retablo ibérico] /
Mención de responsabilidad, etc. Manuel Vicent.
260 ## - PUBLICACIÓN, DISTRIBUCIÓN, ETC.
Lugar de publicación, distribución, etc. [Madrid] :
Nombre del editor, distribuidor, etc. Alfaguara,
Fecha de publicación, distribución, etc. [2011]
300 ## - DESCRIPCIÓN FÍSICA
Extensión 256 p. ;
Dimensiones 24 cm.
600 17 - PUNTO DE ACCESO ADICIONAL DE MATERIA--NOMBRE DE PERSONA
Nombre de persona Aguirre, Jesús,
Títulos y otros términos asociados al nombre Duque de Alba-
Subdivisión de forma Novelas
Fuente del encabezamiento o término
9 (RLIN) 147318
852 ## - LOCALIZACIÓN
Ubicación ES-MaACL
itemnumber 185685
Sublocalización o colección R.146888
Número de control de estantería A-11338
Ubicación en estantería Depósito 1
Signatura antigua Olim: N-4342
942 ## - ELEMENTOS DE ENTRADA SECUNDARIOS (KOHA)
Fuente del sistema de clasificación o colocación Clasificación decimal universal
Tipo de ítem Koha Libro impreso
Holdings
Estatus retirado Estado de pérdida Fuente del sistema de clasificación o colocación Estado de daño No para préstamo Biblioteca de origen Biblioteca actual Ubicación en estantería Fecha de adquisición Fuente de adquisición Total de préstamos Signatura topográfica completa Código de barras Visto por última vez Precio de reemplazo Tipo de ítem Koha
    Clasificación decimal universal     Biblioteca del Ateneo de Madrid Biblioteca del Ateneo de Madrid Depósito 1 12/07/2011 Compra   A-11338 1187839 23/02/2023 23/02/2023 Libro impreso